[Event "BIH-chT1"]
[Site "Bosanska Krupa"]
[Date "2018.08.29"]
[Round "7"]
[White "Kovacic, Dubravko"]
[Black "Komadaric, Edin"]
[Result "1/2-1/2"]
[WhiteElo "2045"]
[BlackElo "2096"]
[PlyCount "60"]
[EventDate "2018.08.25"]
[EventType "tourn"]
[EventRounds "9"]
[EventCountry "BIH"]
[SourceTitle "CBM 186 Extra"]
[Source "ChessBase"]
[SourceDate "2018.08.24"]
[SourceVersion "1"]
[SourceVersionDate "2018.08.24"]
[SourceQuality "1"]

1. e4 e6 2. d4 d5 3. e5 c5 4. c3 Nc6 5. a3 a5 6. Nf3 Bd7 7. Be2 Qb6 8. 0-0 Nge7 9. dxc5 Qc7 10. Bb5 Nxe5 11. Bxd7+ Nxd7 12. b4 g6 13. Nd4 Nc8 14. Bb2 Bg7 15. c4 0-0 16. Nb5 Qc6 17. Bxg7 Kxg7 18. Nd4 Qc7 19. cxd5 exd5 20. Nc3 Nf6 21. Re1 Rd8 22. Ndb5 Qd7 23. Nd4 Ne7 24. h3 b6 25. cxb6 Nc8 26. b7 Qxb7 27. b5 Rd7 28. a4 Qb6 29. Rc1 Nd6 30. Nce2 Nc4 1/2-1/2

[Event "Bihac-chT1"]
[Site "Bihac"]
[Date "2014.08.24"]
[Round "3"]
[White "Boric, Muhamed"]
[Black "Komadaric, Edin"]
[Result "1-0"]
[WhiteElo "2385"]
[BlackElo "2143"]
[PlyCount "62"]
[EventDate "2014.08.23"]
[EventType "swiss"]
[EventRounds "9"]
[EventCountry "BIH"]
[SourceTitle "EXT 2015"]
[Source "ChessBase"]
[SourceDate "2014.11.20"]
[SourceVersion "1"]
[SourceVersionDate "2014.11.20"]
[SourceQuality "1"]

1. Nf3 d5 2. d4 Nf6 3. c4 c6 4. Qc2 e6 5. Nbd2 Be7 6. g3 0-0 7. Bg2 b6 8. 0-0 Bb7 9. e4 dxe4 10. Nxe4 Nbd7 11. Rd1 Nxe4 12. Qxe4 Nf6 13. Qe2 Qc7 14. Bf4 Bd6 15. Ne5 Rfd8 16. Rd3 Rac8 17. Rad1 Qe7 18. Bg5 h6 19. Bxf6 gxf6 20. Qg4+ Kh7 21. Qe4+ Kg7 22. Nf3 f5 23. Qe2 Qf6 24. Ne5 Qe7 25. b3 Bxe5 26. dxe5 Rxd3 27. Qxd3 Rc7 28. Qc3 c5 29. Rd6 Bxg2 30. Kxg2 Qg5 31. f4 Qg4 1-0

[Event "BIH-chT1B"]
[Site "Neum"]
[Date "2012.08.26"]
[Round "2.1"]
[White "Marjanovic, Dejan"]
[Black "Komadaric, Edin"]
[Result "1-0"]
[WhiteElo "2177"]
[BlackElo "2129"]
[PlyCount "67"]
[EventDate "2012.08.25"]
[EventType "team-tourn"]
[EventRounds "9"]
[EventCountry "BIH"]
[SourceTitle "CBM 150 Extra"]
[Source "ChessBase"]
[SourceDate "2012.10.19"]
[SourceVersion "1"]
[SourceVersionDate "2012.10.19"]
[SourceQuality "1"]

1. e4 e6 2. Nf3 d5 3. Nc3 dxe4 4. Nxe4 Nf6 5. Nxf6+ Qxf6 6. d4 h6 7. c3 Bd6 8. Bd3 0-0 9. 0-0 Nc6 10. Re1 e5 11. dxe5 Nxe5 12. Nxe5 Bxe5 13. Qh5 Bf4 14. Qf3 Bxc1 15. Qxf6 gxf6 16. Raxc1 Be6 17. b3 Rad8 18. Rcd1 Rd6 19. Bc2 Rc6 20. Re3 Rc5 21. Rd4 Re5 22. Be4 c5 23. Rd6 Bc8 24. Rxf6 Kg7 25. Rff3 Rd8 26. h3 Rd1+ 27. Kh2 f5 28. Bxb7 Bxb7 29. Rxe5 Bxf3 30. gxf3 Kf6 31. Rxc5 Rd2 32. Ra5 Rxf2+ 33. Kg3 Rc2 34. c4 1-0

[Event "BIH-chT1"]
[Site "Tuzla"]
[Date "2010.07.23"]
[Round "8"]
[White "Stavnjak, Lazar"]
[Black "Komadaric, Edin"]
[Result "1/2-1/2"]
[WhiteElo "2254"]
[BlackElo "2155"]
[PlyCount "130"]
[EventDate "2010.07.18"]
[EventType "team-swiss"]
[EventRounds "9"]
[EventCountry "BIH"]
[SourceTitle "CBM 137 Extra"]
[Source "ChessBase"]
[SourceDate "2010.09.01"]
[SourceVersion "1"]
[SourceVersionDate "2010.09.01"]
[SourceQuality "1"]

1. e4 d5 2. exd5 Qxd5 3. Nc3 Qd6 4. d4 a6 5. Nf3 Nc6 6. h3 Bf5 7. Bd3 Bxd3 8. Qxd3 Nf6 9. Ne4 Nxe4 10. Qxe4 Qg6 11. Qxg6 hxg6 12. c3 e6 13. Be3 Bd6 14. 0-0-0 0-0-0 15. Ng5 Rhf8 16. Rhe1 Ne7 17. Kc2 Nd5 18. c4 Nf6 19. a3 Rde8 20. b4 Kb8 21. Kb3 Nh5 22. g4 Nf6 23. a4 c6 24. Bc1 b5 25. Rd3 bxc4+ 26. Kxc4 Nd5 27. Bd2 Nb6+ 28. Kb3 Rd8 29. a5 Nd5 30. Rf3 Rd7 31. Kc4 Rb7 32. Rb1 Nf6 33. Bf4 Kc7 34. Be5 Rb5 35. Bxf6 gxf6 36. Ne4 f5 37. Nc3 fxg4 38. hxg4 Rg5 39. Rg1 f5 40. Rh3 Rf7 41. f3 Kd7 42. Na4 fxg4 43. Rxg4 Rxg4 44. fxg4 e5 45. Nc5+ Bxc5 46. Kxc5 exd4 47. Rd3 Kc7 48. Rxd4 Re7 49. Rf4 Re5+ 50. Kd4 Rd5+ 51. Kc4 Re5 52. Rf7+ Kb8 53. Rf6 Re4+ 54. Kc5 Rxg4 55. Rxc6 Kb7 56. Rb6+ Ka7 57. Re6 Rg5+ 58. Kc6 Rb5 59. Re4 g5 60. Kd6 Kb7 61. Rc4 Kb8 62. Ke6 Kb7 63. Kf6 Rd5 64. Kg6 Re5 65. Kh5 Rf5 1/2-1/2

[Event "BIH CFFBH-chT1"]
[Site "Cazin"]
[Date "2009.06.30"]
[Round "6"]
[White "Mestrovic, Zvonimir"]
[Black "Komadaric, Edin"]
[Result "1-0"]
[WhiteElo "2331"]
[BlackElo "2155"]
[PlyCount "66"]
[EventDate "2009.06.27"]
[EventType "team-tourn"]
[EventRounds "9"]
[EventCountry "BIH"]
[SourceTitle "EXT 2019"]
[Source "ChessBase"]
[SourceDate "2018.10.10"]
[SourceVersion "1"]
[SourceVersionDate "2018.10.10"]
[SourceQuality "1"]

1. e4 d5 2. exd5 Nf6 3. Nc3 Nxd5 4. Bc4 Nb6 5. Bb3 Nc6 6. Nf3 e6 7. d4 Na5 8. 0-0 Nxb3 9. axb3 Be7 10. Ne4 0-0 11. c4 Nd7 12. Qe2 b6 13. Rd1 Bb7 14. Nc3 Bf6 15. Bf4 a6 16. b4 Re8 17. b5 Qc8 18. b4 c5 19. bxa6 Bxa6 20. Ne4 Be7 21. dxc5 bxc5 22. b5 Bb7 23. Rxa8 Bxa8 24. Bd6 Nf6 25. Nxf6+ Bxf6 26. Qe3 Rd8 27. Rd2 Bxf3 28. gxf3 h6 29. Qe4 Bd4 30. Ra2 Qd7 31. Ra6 e5 32. Bxe5 Re8 33. Ra8 Bxe5 1-0

[Event "BIH CFFBH-chT1"]
[Site "Neum"]
[Date "2007.08.29"]
[Round "7"]
[White "Rasidovic, Sead"]
[Black "Komadaric, Edin"]
[Result "1-0"]
[WhiteElo "2347"]
[BlackElo "2116"]
[PlyCount "65"]
[EventDate "2007.08.25"]
[EventType "team-tourn"]
[EventRounds "9"]
[EventCountry "BIH"]
[SourceTitle "EXT 2023"]
[Source "ChessBase"]
[SourceDate "2022.10.05"]
[SourceVersion "1"]
[SourceVersionDate "2022.10.05"]
[SourceQuality "1"]

1. e4 d5 2. exd5 Nf6 3. d4 Qxd5 4. Nc3 Qa5 5. Bc4 e6 6. Nf3 c6 7. Bd2 Qc7 8. Qe2 Be7 9. 0-0 0-0 10. Rfe1 b5 11. Bd3 a6 12. Ne4 Nbd7 13. Nfg5 Bb7 14. b4 Rfe8 15. Nxf7 c5 16. Nfg5 Nxe4 17. Nxe6 Qb6 18. Qg4 Bf6 19. Bxe4 cxd4 20. Bf5 Ne5 21. Rxe5 Bxe5 22. Bf4 Bf6 23. Nc7 Re7 24. Nxa8 Bxa8 25. Bd3 Qc6 26. Bd2 Bb7 27. Re1 Rxe1+ 28. Bxe1 Qe8 29. Bd2 Qf7 30. a3 g6 31. h4 Qd5 32. f3 Qe5 33. h5 1-0

[Event "BIH CFFBH-chT1"]
[Site "Neum"]
[Date "2007.08.25"]
[Round "1"]
[White "Komadaric, Edin"]
[Black "Bajramovic, Halid"]
[Result "0-1"]
[WhiteElo "2116"]
[BlackElo "2251"]
[PlyCount "96"]
[EventDate "2007.08.25"]
[EventType "team-tourn"]
[EventRounds "9"]
[EventCountry "BIH"]
[SourceTitle "EXT 2023"]
[Source "ChessBase"]
[SourceDate "2022.10.05"]
[SourceVersion "1"]
[SourceVersionDate "2022.10.05"]
[SourceQuality "1"]

1. e4 d6 2. d4 Nf6 3. Nc3 g6 4. f4 c5 5. dxc5 Qa5 6. Bd3 Qxc5 7. Qe2 Bg7 8. Qe3 Qc7 9. Nge2 Nc6 10. h3 Nb4 11. Bd2 0-0 12. a3 Nxd3+ 13. Qxd3 Be6 14. 0-0 Bc4 15. Qe3 e6 16. Rfd1 Rfc8 17. Kh2 b6 18. Ng3 Rd8 19. Qf3 Rac8 20. Rac1 Qc6 21. Nh1 Ba6 22. Nf2 Bb7 23. g4 Ne8 24. Qg3 Qd7 25. g5 Rc4 26. Ng4 Rdc8 27. e5 d5 28. b3 R4c7 29. Qd3 Bf8 30. Nb1 d4 31. c4 dxc3 32. Rxc3 Qxd3 33. Rxd3 Be4 34. Rd4 Bc2 35. Rc1 Bc5 36. Rc4 Bxb3 37. R4c3 Bd5 38. a4 a5 39. Kg3 Bc6 40. Rc4 Ng7 41. h4 Nf5+ 42. Kh3 Kg7 43. h5 gxh5 44. Nf6 Kg6 45. Ne4 Bd5 46. Rxc5 bxc5 47. Nec3 Rd7 48. Nb5 Bb3 0-1

[Event "BIH CFFBH-chT1A"]
[Site "Neum"]
[Date "2006.08.28"]
[Round "3"]
[White "Dugonjic, Dragan"]
[Black "Komadaric, Edin"]
[Result "1/2-1/2"]
[WhiteElo "2132"]
[BlackElo "2118"]
[PlyCount "29"]
[EventDate "2006.08.26"]
[EventType "team-tourn"]
[EventRounds "9"]
[EventCountry "BIH"]
[SourceTitle "EXT 2023"]
[Source "ChessBase"]
[SourceDate "2022.10.05"]
[SourceVersion "1"]
[SourceVersionDate "2022.10.05"]
[SourceQuality "1"]

1. Nf3 d5 2. d4 c6 3. c4 Nf6 4. e3 Bf5 5. Nc3 e6 6. Qb3 Qb6 7. Qxb6 axb6 8. Nh4 Bc2 9. Bd2 dxc4 10. Bxc4 b5 11. Rc1 Be4 12. Bb3 Bd3 13. Nf3 Nbd7 14. Ne2 Bd6 15. Ng3 1/2-1/2

[Event "BIH-chT2"]
[Site "Neum"]
[Date "2005.08.25"]
[Round "8"]
[White "Komadaric, Edin"]
[Black "Kozarcanin, Sead"]
[Result "1-0"]
[WhiteElo "2049"]
[BlackElo "2232"]
[PlyCount "46"]
[EventDate "2005.08.20"]
[EventType "team"]
[EventRounds "9"]
[EventCountry "BIH"]
[SourceTitle "EXT 2007"]
[Source "ChessBase"]
[SourceDate "2006.11.23"]
[SourceVersion "1"]
[SourceVersionDate "2006.11.23"]
[SourceQuality "1"]

1. e4 e5 2. Nf3 Nc6 3. Bc4 g6 4. c3 Bg7 5. d4 d6 6. 0-0 Qe7 7. Bg5 f6 8. Be3 Nh6 9. h3 Nf7 10. b4 Ng5 11. Nbd2 Bd7 12. Qb3 h6 13. Nh4 f5 14. Nxg6 Qf6 15. Nxh8 f4 16. h4 Bxh8 17. hxg5 hxg5 18. dxe5 dxe5 19. Bd5 g4 20. Bxc6 Bxc6 21. Qg8+ Qf8 22. Qxf8+ Kxf8 23. Bc5+ Kf7 1-0